[Event "Asia-ch Seniors"]
[Site "Tagaytay City"]
[Date "2023.10.21"]
[Round "9"]
[White "Matveyeva Poprukailo, Inna"]
[Black "Molina, Antonio"]
[Result "0-1"]
[WhiteElo "1602"]
[BlackElo "1969"]
[PlyCount "46"]
[EventDate "2023.10.15"]
[EventType "swiss"]
[EventRounds "9"]
[EventCountry "PHI"]
[SourceTitle "Mega2024 Update 01"]
[Source "Chessbase"]
[SourceDate "2023.11.12"]
[SourceVersion "1"]
[SourceVersionDate "2023.11.12"]
[SourceQuality "1"]

1. Nf3 c5 2. g3 d6 3. Bg2 Nc6 4. d3 g6 5. 0-0 Bg7 6. e4 Nf6 7. Re1 0-0 8. c3 e5 9. d4 cxd4 10. cxd4 Bg4 11. dxe5 dxe5 12. h3 Bxf3 13. Bxf3 Nd4 14. Nc3 Qb6 15. Rb1 h6 16. Be3 Rfd8 17. Bg2 Qa5 18. Qc1 Kh7 19. f4 Nh5 20. Kh2 Rac8 21. g4 Nxf4 22. Bxf4 exf4 23. Qxf4 Be5 0-1

[Event "Asia-ch Seniors"]
[Site "Tagaytay City"]
[Date "2023.10.18"]
[Round "6"]
[White "Molina, Antonio"]
[Black "Dormitorio, Joselito"]
[Result "1-0"]
[WhiteElo "1969"]
[BlackElo "1766"]
[PlyCount "65"]
[EventDate "2023.10.15"]
[EventType "swiss"]
[EventRounds "9"]
[EventCountry "PHI"]
[SourceTitle "Mega2024 Update 01"]
[Source "Chessbase"]
[SourceDate "2023.11.12"]
[SourceVersion "1"]
[SourceVersionDate "2023.11.12"]
[SourceQuality "1"]

1. d4 c5 2. d5 e6 3. c4 exd5 4. cxd5 Nf6 5. Nc3 g6 6. e4 d6 7. Bd3 Bg7 8. Nge2 a6 9. a4 0-0 10. 0-0 Re8 11. Ng3 h5 12. Bg5 Qc7 13. Qd2 Nbd7 14. h3 b6 15. Kh1 Rb8 16. f4 Nh7 17. Bh4 Bh6 18. Qe2 f6 19. Nxh5 Re7 20. e5 Nxe5 21. fxe5 Rxe5 22. Nxf6+ Nxf6 23. Qf3 Bf5 24. Bxf5 Rxf5 25. Qg3 Kf7 26. Bxf6 Rxf6 27. Ne4 Rxf1+ 28. Rxf1+ Kg8 29. Qxg6+ Qg7 30. Qe6+ Kh8 31. Rf7 Rf8 32. Rxg7 Kxg7 33. g3 1-0

[Event "Sharjah op rapid"]
[Site "Sharjah"]
[Date "2018.05.24"]
[Round "3"]
[White "Magerramov, Elmar S"]
[Black "Molina, Antonio"]
[Result "1-0"]
[WhiteElo "2515"]
[BlackElo "2013"]
[PlyCount "123"]
[EventDate "2018.05.23"]
[EventType "swiss (rapid)"]
[EventRounds "9"]
[EventCountry "UAE"]
[SourceTitle "CBM 184 Extra"]
[Source "ChessBase"]
[SourceDate "2018.06.28"]
[SourceVersion "1"]
[SourceVersionDate "2018.06.28"]
[SourceQuality "1"]

1. d4 Nf6 2. c4 c5 3. d5 e5 4. Nc3 d6 5. e4 Be7 6. g3 Nbd7 7. Bg2 0-0 8. Nge2 a6 9. a4 b6 10. 0-0 Rb8 11. h3 h6 12. Kh2 Nh7 13. Be3 Bg5 14. f4 exf4 15. gxf4 Bh4 16. Qd2 Re8 17. Rg1 Qe7 18. Bf3 Kh8 19. Rg2 Ndf6 20. Rag1 Rg8 21. Qd3 Bd7 22. b3 Rbe8 23. Bd2 Bc8 24. Bc1 Qd7 25. Bg4 Nxg4+ 26. hxg4 Qe7 27. g5 Qd7 28. f5 hxg5 29. Qh3 g6 30. Bxg5 Bxg5 31. Rxg5 Kg7 32. Qh4 Nxg5 33. Qxg5 Rh8+ 34. Kg2 Qe7 35. Qxe7 Rxe7 36. fxg6 fxg6 37. Kf2 Rf7+ 38. Ke1 Rhf8 39. a5 bxa5 40. e5 dxe5 41. Ne4 Bh3 42. Kd2 Rf1 43. Rg5 Ra1 44. Rxe5 Rff1 45. Re7+ Kh6 46. Re8 Bf5 47. N4g3 Ra2+ 48. Ke3 Rb1 49. Nxf5+ gxf5 50. Kf4 Re1 51. Re6+ Kg7 52. Kf3 Kf7 53. Kf2 Rb1 54. Kf3 Rxb3+ 55. Kf4 Rb4 56. Kxf5 Rxc4 57. d6 Rd2 58. Re7+ Kf8 59. Re6 Rcc2 60. Nf4 a4 61. Kf6 Rf2 62. Re4 1-0

[Event "Sharjah op rapid"]
[Site "Sharjah"]
[Date "2016.06.12"]
[Round "8"]
[White "Mista, Aleksander"]
[Black "Molina, Antonio"]
[Result "1-0"]
[WhiteElo "2593"]
[BlackElo "2031"]
[PlyCount "63"]
[EventDate "2016.06.12"]
[EventType "swiss (rapid)"]
[EventRounds "9"]
[EventCountry "UAE"]
[SourceTitle "EXT 2017"]
[Source "ChessBase"]
[SourceDate "2016.10.25"]
[SourceVersion "1"]
[SourceVersionDate "2016.10.25"]
[SourceQuality "1"]

1. e4 c5 2. Nf3 d6 3. d4 cxd4 4. Nxd4 Nf6 5. Nc3 a6 6. Be2 e5 7. Nb3 Be7 8. 0-0 0-0 9. Re1 b5 10. a4 b4 11. Nd5 Nxd5 12. Qxd5 Ra7 13. Be3 Be6 14. Qd2 Rb7 15. a5 d5 16. Bb6 Qd7 17. exd5 Qxd5 18. Qe3 e4 19. Rad1 Qf5 20. Nd4 Qg6 21. Nxe6 Qxe6 22. b3 Rd7 23. Bc4 Qc6 24. Rxd7 Nxd7 25. Qxe4 Qxe4 26. Rxe4 Bc5 27. Bxc5 Nxc5 28. Re7 g6 29. g3 Kg7 30. Rc7 Ne4 31. Bxa6 Rd8 32. Bd3 1-0

[Event "Al Ain op 1st"]
[Site "Al Ain"]
[Date "2012.12.24"]
[Round "3"]
[White "El Ghazali, Youssef M"]
[Black "Molina, Antonio"]
[Result "1-0"]
[WhiteElo "2244"]
[BlackElo "2099"]
[PlyCount "115"]
[EventDate "2012.12.22"]
[EventType "swiss"]
[EventRounds "9"]
[EventCountry "UAE"]
[SourceTitle "CBM 152 Extra"]
[Source "ChessBase"]
[SourceDate "2013.02.25"]
[SourceVersion "1"]
[SourceVersionDate "2013.02.25"]
[SourceQuality "1"]

1. Nf3 c5 2. c4 Nc6 3. Nc3 g6 4. g3 Bg7 5. Bg2 e6 6. 0-0 Nge7 7. d3 0-0 8. Bg5 h6 9. Bxe7 Qxe7 10. e3 d6 11. Rc1 Qf6 12. b3 g5 13. h4 gxh4 14. Nxh4 Ne5 15. Ne4 Qe7 16. f4 Ng6 17. f5 exf5 18. Nxf5 Bxf5 19. Rxf5 Qe6 20. Qf3 Ne5 21. Qh5 Qg6 22. Qxg6 fxg6 23. Rxf8+ Bxf8 24. Nf2 Rb8 25. Bd5+ Kg7 26. Rf1 Be7 27. Nh3 Bf6 28. Nf4 Ng4 29. Ne6+ Kh7 30. Rf4 h5 31. Bf3 Be5 32. Rf7+ Kg8 33. Rd7 Nxe3 34. Bxb7 Re8 35. Bd5 Nxd5 36. cxd5 Ra8 37. Nf4 a5 38. Nxg6 Bxg3 39. Kg2 h4 40. Kh3 a4 41. Kg4 axb3 42. axb3 Rb8 43. Kg5 h3 44. Kf6 Be5+ 45. Nxe5 dxe5 46. Rg7+ Kf8 47. Rh7 Rb6+ 48. Kxe5 Rxb3 49. Rxh3 c4 50. Ke6 Rxd3 51. Rh8+ Kg7 52. Rc8 Re3+ 53. Kd7 c3 54. d6 Kf7 55. Rc5 Rd3 56. Kc7 Ke6 57. Rc6 c2 58. Rxc2 1-0

[Event "Dubai op 12th"]
[Site "Dubai"]
[Date "2010.04.07"]
[Round "3"]
[White "Meenakshi, Subbaraman"]
[Black "Molina, Antonio"]
[Result "1-0"]
[WhiteElo "2348"]
[BlackElo "2122"]
[PlyCount "100"]
[EventDate "2010.04.05"]
[EventType "swiss"]
[EventRounds "9"]
[EventCountry "UAE"]
[SourceTitle "CBM 135 Extra"]
[Source "ChessBase"]
[SourceDate "2010.05.04"]
[SourceVersion "1"]
[SourceVersionDate "2010.05.04"]
[SourceQuality "1"]

1. d4 Nf6 2. c4 g6 3. Nf3 Bg7 4. g3 0-0 5. Bg2 d6 6. Nc3 Nc6 7. 0-0 Bf5 8. b3 e5 9. dxe5 dxe5 10. Ba3 Re8 11. Nh4 Be6 12. Qc1 Qc8 13. Rd1 h6 14. Bh1 Bg4 15. Bc5 Nd8 16. f3 Bh3 17. Nd5 Kh7 18. Qc2 Nxd5 19. cxd5 c6 20. d6 Qd7 21. e3 Ne6 22. Ba3 Bf6 23. Bb2 Ng7 24. Ng2 Nf5 25. g4 Bxg2 26. gxf5 Bh3 27. fxg6+ fxg6 28. Bg2 Bxg2 29. Kxg2 Re6 30. e4 Rxd6 31. Ba3 Rd4 32. Bc5 Rxd1 33. Rxd1 Qf7 34. Qc4 Qxc4 35. Rd7+ Kg8 36. bxc4 b6 37. Be3 Bg7 38. Rd6 Rc8 39. Rxg6 Kh7 40. Rd6 Rc7 41. a4 c5 42. Kg3 Bf8 43. Rd5 Bg7 44. Kg4 Rf7 45. a5 Bf8 46. Rxe5 Rf6 47. a6 Kg6 48. f4 Bd6 49. Rd5 Bf8 50. f5+ Kg7 1-0

[Event "Gibraltar Challengers-B 8th"]
[Site "Caleta"]
[Date "2010.02.03"]
[Round "4"]
[White "Molina, Antonio"]
[Black "Bishop, Geoffrey L"]
[Result "1-0"]
[WhiteElo "2148"]
[BlackElo "1851"]
[PlyCount "49"]
[EventDate "2010.01.31"]
[EventType "swiss"]
[EventRounds "5"]
[EventCountry "GGB"]
[SourceTitle "EXT 2011"]
[Source "ChessBase"]
[SourceDate "2010.11.26"]
[SourceVersion "1"]
[SourceVersionDate "2010.11.26"]
[SourceQuality "1"]

1. d4 Nf6 2. c4 g6 3. Nc3 Bg7 4. e4 0-0 5. Nf3 d6 6. Be2 e5 7. 0-0 Nc6 8. d5 Ne7 9. Ne1 c6 10. Be3 c5 11. Nd3 Ne8 12. f4 f5 13. fxe5 dxe5 14. Bxc5 f4 15. b3 b6 16. Bb4 Bd7 17. Rc1 Rc8 18. Kh1 g5 19. c5 bxc5 20. Nxc5 Rf6 21. Nxd7 Qxd7 22. Bg4 Qb7 23. Bxe7 Rxc3 24. Bxf6 Rxc1 25. Be6+ 1-0

[Event "Gibraltar Challengers-B 8th"]
[Site "Caleta"]
[Date "2010.02.01"]
[Round "2"]
[White "Molina, Antonio"]
[Black "Lake, Andrew N"]
[Result "1-0"]
[WhiteElo "2148"]
[BlackElo "1840"]
[PlyCount "109"]
[EventDate "2010.01.31"]
[EventType "swiss"]
[EventRounds "5"]
[EventCountry "GGB"]
[SourceTitle "EXT 2011"]
[Source "ChessBase"]
[SourceDate "2010.11.26"]
[SourceVersion "1"]
[SourceVersionDate "2010.11.26"]
[SourceQuality "1"]

1. d4 Nf6 2. c4 b6 3. Nc3 Bb7 4. f3 e6 5. Bg5 Be7 6. Nh3 d6 7. e3 h6 8. Bh4 Nbd7 9. Bd3 a6 10. 0-0 c5 11. Rc1 Qc7 12. a3 Rd8 13. Qe2 Nf8 14. Bg3 Nh5 15. Bf2 g6 16. f4 Ng7 17. d5 Bc8 18. e4 Bd7 19. Rce1 Nh7 20. Be3 0-0 21. Nf2 Bf6 22. Ng4 Bd4 23. Nxh6+ Kh8 24. g4 Qc8 25. h3 Rde8 26. Qf2 Bxe3 27. Rxe3 Qd8 28. Rf3 e5 29. Kg2 f5 30. fxe5 dxe5 31. h4 f4 32. Kh2 Nf6 33. Rg1 Qc8 34. Qg2 Rd8 35. Bf1 Be8 36. Qc2 Rd6 37. Bh3 Bd7 38. Qg2 Ng8 39. Nxg8 Kxg8 40. g5 Nh5 41. Ne2 Rf7 42. Bxd7 Qxd7 43. b3 Kf8 44. Qh3 Qxh3+ 45. Kxh3 Ke8 46. Kg4 Rd8 47. b4 Rb7 48. Rb3 cxb4 49. axb4 Rc8 50. Rc1 Kd7 51. Rbc3 Rbc7 52. c5 b5 53. Ra3 Ra8 54. Rca1 Rca7 55. Nc3 1-0

[Event "Gibraltar Challengers-B 8th"]
[Site "Caleta"]
[Date "2010.01.31"]
[Round "1"]
[White "Montero Melendez, Rafael"]
[Black "Molina, Antonio"]
[Result "1-0"]
[WhiteElo "2261"]
[BlackElo "2148"]
[PlyCount "131"]
[EventDate "2010.01.31"]
[EventType "swiss"]
[EventRounds "5"]
[EventCountry "GGB"]
[SourceTitle "EXT 2011"]
[Source "ChessBase"]
[SourceDate "2010.11.26"]
[SourceVersion "1"]
[SourceVersionDate "2010.11.26"]
[SourceQuality "1"]

1. d4 Nf6 2. c4 g6 3. Nc3 Bg7 4. e4 d6 5. Nf3 0-0 6. h3 c5 7. d5 b5 8. cxb5 a6 9. a4 Nbd7 10. Bg5 h6 11. Be3 Qa5 12. Nd2 Kh7 13. Qc2 axb5 14. Bxb5 Ba6 15. Nc4 Qb4 16. Bd2 Bxb5 17. Nxb5 Qxb5 18. axb5 Rxa1+ 19. Bc1 Nxe4 20. 0-0 Nef6 21. Bd2 Raa8 22. Qb3 Rfb8 23. Re1 Bf8 24. Ba5 Kg8 25. Bc7 Rb7 26. b6 Nxb6 27. Bxb6 Nd7 28. f4 Nxb6 29. Qb5 Rab8 30. Na5 Rc7 31. Nc6 Rbb7 32. Nd8 Rb8 33. Qe8 Rxd8 34. Qxd8 Rb7 35. Ra1 Kg7 36. Ra6 Nxd5 37. Ra8 Nxf4 38. Qxf8+ Kf6 39. Qxh6 Ne2+ 40. Kh2 Nd4 41. Qf4+ Kg7 42. Qh4 f5 43. Qh8+ Kf7 44. Qg8+ Kf6 45. Rf8+ Kg5 46. h4+ Kf4 47. Qxg6 e6 48. Qg3+ Ke4 49. Qe1+ Kd5 50. Qf2 e5 51. Rxf5 Nxf5 52. Qxf5 Rxb2 53. Qd3+ Ke6 54. h5 Rb4 55. Qg6+ Kd5 56. h6 Rb8 57. h7 c4 58. Qg8+ Rxg8 59. hxg8Q+ Kd4 60. Qg5 c3 61. Kg1 d5 62. Kf2 e4 63. Ke2 Kc4 64. Qg8 Kd4 65. Qc8 e3 66. g4 1-0

[Event "Gibraltar Masters 8th"]
[Site "Caleta"]
[Date "2010.01.29"]
[Round "4"]
[White "Degtiarev, Evgeny"]
[Black "Molina, Antonio"]
[Result "1-0"]
[WhiteElo "2374"]
[BlackElo "2148"]
[PlyCount "117"]
[EventDate "2010.01.26"]
[EventType "swiss"]
[EventRounds "10"]
[EventCountry "GGB"]
[SourceTitle "CBM 134 Extra"]
[Source "ChessBase"]
[SourceDate "2010.03.03"]
[SourceVersion "1"]
[SourceVersionDate "2010.03.03"]
[SourceQuality "1"]

1. d4 Nf6 2. c4 g6 3. Nc3 Bg7 4. e4 d6 5. Nf3 0-0 6. Be2 e5 7. Be3 h6 8. 0-0 Ng4 9. Bc1 Nc6 10. d5 Ne7 11. b4 f5 12. Nh4 Nf6 13. exf5 g5 14. Ng6 Nxg6 15. fxg6 Bf5 16. Be3 Bxg6 17. c5 a6 18. Rc1 Qe7 19. cxd6 cxd6 20. Na4 Rac8 21. Qb3 Bf7 22. Nb6 Rc7 23. Rxc7 Qxc7 24. Rc1 Qb8 25. b5 axb5 26. Qxb5 Rd8 27. Bd3 Bf8 28. Bf5 Kg7 29. h4 g4 30. Qc4 h5 31. Qd3 Be7 32. Qd2 Ng8 33. Bg5 Re8 34. Nc8 Bxg5 35. Qxg5+ Kh8 36. Be6 Rf8 37. Bxf7 Rxf7 38. Qxh5+ Rh7 39. Qxg4 Rc7 40. Qh5+ Kg7 41. Qg5+ Kh8 42. Nb6 Rxc1+ 43. Qxc1 Qd8 44. Nc4 b5 45. Ne3 Qxh4 46. Qc6 Qb4 47. Qd7 Qe1+ 48. Nf1 Qb4 49. Qf7 Qc4 50. Ne3 Qc1+ 51. Kh2 b4 52. Qh5+ Kg7 53. Qg4+ Kh8 54. Qh4+ Kg7 55. Qxb4 Nf6 56. Qxd6 Qb2 57. Nf5+ Kg6 58. Nh4+ Kg5 59. Nf3+ 1-0

[Event "Gibraltar Masters 8th"]
[Site "Caleta"]
[Date "2010.01.27"]
[Round "2"]
[White "Bacrot, Etienne"]
[Black "Molina, Antonio"]
[Result "1-0"]
[WhiteElo "2713"]
[BlackElo "2148"]
[PlyCount "73"]
[EventDate "2010.01.26"]
[EventType "swiss"]
[EventRounds "10"]
[EventCountry "GGB"]
[SourceTitle "CBM 134 Extra"]
[Source "ChessBase"]
[SourceDate "2010.03.03"]
[SourceVersion "1"]
[SourceVersionDate "2010.03.03"]
[SourceQuality "1"]

1. g3 g6 2. Bg2 Bg7 3. d4 Nf6 4. e4 d6 5. Ne2 0-0 6. 0-0 Nbd7 7. Nbc3 c5 8. h3 Rb8 9. Be3 b6 10. g4 h6 11. Qd2 Kh7 12. f4 cxd4 13. Nxd4 Bb7 14. Rae1 Rc8 15. Nde2 Ne8 16. h4 e5 17. g5 exf4 18. Bxf4 hxg5 19. Bxg5 f6 20. Bf4 Ne5 21. Nd4 Nc7 22. h5 g5 23. Bg3 Qe8 24. Qd1 Rd8 25. Nd5 Nxd5 26. exd5 Bc8 27. Be4+ Kh6 28. Bg6 Qa4 29. Bf5 Bxf5 30. Nxf5+ Kh7 31. b3 Qd7 32. c4 Qf7 33. Re2 Qc7 34. Ref2 Kg8 35. h6 Bh8 36. h7+ Kf7 37. Bxe5 1-0

[Event "Gibraltar Challengers-A 8th"]
[Site "Caleta"]
[Date "2010.01.26"]
[Round "1"]
[White "Jayakumar, Adarsh"]
[Black "Molina, Antonio"]
[Result "1-0"]
[WhiteElo "2090"]
[BlackElo "2148"]
[PlyCount "109"]
[EventDate "2010.01.26"]
[EventType "swiss"]
[EventRounds "5"]
[EventCountry "GGB"]
[SourceTitle "CBM 134 Extra"]
[Source "ChessBase"]
[SourceDate "2010.03.03"]
[SourceVersion "1"]
[SourceVersionDate "2010.03.03"]
[SourceQuality "1"]

1. d4 Nf6 2. c4 g6 3. Nc3 Bg7 4. e4 d6 5. f3 0-0 6. Be3 Nbd7 7. Nge2 c6 8. Qd2 e5 9. d5 cxd5 10. cxd5 a6 11. Nc1 Ne8 12. Be2 f5 13. 0-0 f4 14. Bf2 g5 15. b4 h5 16. Nb3 b6 17. Na4 Rf6 18. Rfc1 Rg6 19. Rc6 b5 20. Nb6 Nxb6 21. Bxb6 Qf6 22. a4 bxa4 23. Rxa4 g4 24. b5 h4 25. bxa6 h3 26. Rxc8 Rxc8 27. fxg4 hxg2 28. a7 Qh4 29. Bf2 Qh3 30. Qd3 Rh6 31. Qxh3 Rxh3 32. Nd2 Ra8 33. Ba6 Nc7 34. Bb7 Rf8 35. Kxg2 Rd3 36. Nc4 f3+ 37. Kg3 Bh6 38. a8Q Nxa8 39. Rxa8 Bf4+ 40. Kh3 Rxa8 41. Bxa8 Kg7 42. Nxd6 Rb3 43. Nf5+ Kf6 44. d6 Rb8 45. Bc6 Rh8+ 46. Bh4+ Bg5 47. Kg3 Bxh4+ 48. Nxh4 f2 49. Bb5 Rb8 50. Be2 Rb3+ 51. Kg2 Re3 52. Bf3 Ke6 53. Kxf2 Rd3 54. Nf5 Kd7 55. h4 1-0

[Event "Abu Dhabi op 18th"]
[Site "Abu Dhabi"]
[Date "2008.09.08"]
[Round "4"]
[White "Ibrahimov, Rasul"]
[Black "Molina, Antonio"]
[Result "1-0"]
[WhiteElo "2537"]
[BlackElo "2155"]
[PlyCount "69"]
[EventDate "2008.09.06"]
[EventType "swiss (rapid)"]
[EventRounds "9"]
[EventCountry "UAE"]
[SourceTitle "EXT 2009"]
[Source "ChessBase"]
[SourceDate "2008.11.26"]
[SourceVersion "1"]
[SourceVersionDate "2008.11.26"]
[SourceQuality "1"]

1. Nf3 Nf6 2. c4 g6 3. Nc3 Bg7 4. d4 0-0 5. e4 d6 6. Be2 e5 7. Be3 h6 8. 0-0 Ng4 9. Bc1 Nc6 10. d5 Ne7 11. Ne1 f5 12. Bxg4 fxg4 13. Be3 g5 14. c5 Ng6 15. Rc1 dxc5 16. Bxc5 Rf7 17. Nc2 b6 18. Ba3 Nh4 19. Ne3 h5 20. Qc2 Bd7 21. Rfd1 Qf6 22. d6 c6 23. b4 b5 24. Rd2 Re8 25. Rcd1 Qd8 26. Ne2 Re6 27. Ng3 Rh6 28. Bb2 Qf8 29. Ngf5 Nxf5 30. Nxf5 Re6 31. Ne7+ Kh8 32. Nxc6 a6 33. Ne7 Qd8 34. Qc5 h4 35. Rd5 1-0

[Event "Dubai op 10th"]
[Site "Dubai"]
[Date "2008.04.08"]
[Round "3"]
[White "Molina, Antonio"]
[Black "Nasri, Amin"]
[Result "0-1"]
[WhiteElo "2150"]
[BlackElo "2364"]
[PlyCount "121"]
[EventDate "2008.04.06"]
[EventType "swiss"]
[EventRounds "9"]
[EventCountry "UAE"]
[SourceTitle "CBM 123 Extra"]
[Source "ChessBase"]
[SourceDate "2008.05.06"]
[SourceVersion "1"]
[SourceVersionDate "2008.05.06"]
[SourceQuality "1"]

1. d4 d5 2. c4 e6 3. Nc3 c6 4. Nf3 Nf6 5. e3 Nbd7 6. Bd3 dxc4 7. Bxc4 b5 8. Bd3 Bb7 9. a3 b4 10. Ne4 Be7 11. Nxf6+ Nxf6 12. e4 Nd7 13. 0-0 0-0 14. axb4 Bxb4 15. Bd2 Bxd2 16. Qxd2 c5 17. Bc2 Qb6 18. Rfe1 Rfd8 19. Rad1 cxd4 20. Qxd4 Nc5 21. Qe3 Qb4 22. Rxd8+ Rxd8 23. Qa3 Qxa3 24. bxa3 Kf8 25. h3 Ke7 26. Re3 Ba8 27. Kf1 Bb7 28. Rc3 Nxe4 29. Rc7+ Rd7 30. Rxb7 Rxb7 31. Bxe4 Rc7 32. Ne1 f5 33. Bc2 g6 34. a4 e5 35. g4 Kf6 36. f3 Rc4 37. Kf2 Kg5 38. gxf5 gxf5 39. a5 Rh4 40. Kg3 Rd4 41. Bd3 e4 42. fxe4 fxe4 43. Bf1 Ra4 44. a6 Ra1 45. h4+ Kh6 46. Kf2 e3+ 47. Ke2 Rxa6 48. Kxe3 Ra1 49. Kd2 Kh5 50. Bd3 h6 51. Nf3 Kg4 52. Be4 a5 53. Bc6 Ra3 54. Ke2 a4 55. Bd7+ Kg3 56. Bc6 Ra1 57. h5 a3 58. Nd2 a2 59. Bd5 Rd1 60. Kxd1 a1Q+ 61. Ke2 0-1

[Event "Gibraltar Masters 6th"]
[Site "Gibraltar"]
[Date "2008.01.31"]
[Round "10"]
[White "Hillarp Persson, Tiger"]
[Black "Molina, Antonio"]
[Result "1-0"]
[WhiteElo "2535"]
[BlackElo "2189"]
[PlyCount "147"]
[EventDate "2008.01.22"]
[EventType "swiss"]
[EventRounds "10"]
[EventCountry "ENG"]
[SourceTitle "CBM 122 Extra"]
[Source "ChessBase"]
[SourceDate "2008.03.04"]
[SourceVersion "1"]
[SourceVersionDate "2008.03.04"]
[SourceQuality "1"]

1. e4 c5 2. Nf3 d6 3. d4 cxd4 4. Nxd4 Nf6 5. Nc3 a6 6. Be3 Ng4 7. Bg5 h6 8. Bh4 g5 9. Bg3 Bg7 10. h3 Ne5 11. Nf5 Bxf5 12. exf5 Qa5 13. Qd5 Nbc6 14. Qxa5 Nxa5 15. Nd5 Rc8 16. 0-0-0 b5 17. c3 Nac6 18. h4 Kf8 19. Kb1 Kg8 20. f3 e6 21. fxe6 fxe6 22. Ne3 d5 23. a3 Kf7 24. Be2 Bf6 25. hxg5 hxg5 26. Bf2 Rcd8 27. Nc2 Ng6 28. g3 e5 29. Bd3 Nge7 30. Ne3 Ke6 31. Ng4 Bg7 32. Be3 Rdf8 33. Rxh8 Bxh8 34. Rh1 Bf6 35. Rh6 Ng8 36. Rh5 Be7 37. Be2 Nf6 38. Nxf6 Bxf6 39. Bxg5 Bxg5 40. Rxg5 Rh8 41. Rg6+ Kd7 42. a4 Rb8 43. axb5 axb5 44. Kc2 b4 45. f4 bxc3 46. bxc3 exf4 47. gxf4 Kc7 48. Rf6 Kb6 49. Bg4 Rd8 50. Kd3 Kc5 51. Bf3 Na5 52. Ke3 Nc4+ 53. Kf2 Nd2 54. Re6 Ra8 55. Re5 Nxf3 56. Kxf3 Kc4 57. Re3 Rf8 58. Re5 d4 59. cxd4 Kxd4 60. Ra5 Re8 61. Kg4 Rg8+ 62. Rg5 Rf8 63. Rg7 Kd5 64. Rg6 Ra8 65. Kg5 Ra5 66. f5 Ra1 67. Re6 Rg1+ 68. Kf6 Rf1 69. Kg6 Rf2 70. Re1 Kd6 71. f6 Rg2+ 72. Kh7 Kd7 73. f7 Rf2 74. Kg7 1-0

[Event "Gibraltar Masters 6th"]
[Site "Gibraltar"]
[Date "2008.01.29"]
[Round "8"]
[White "Zhu, Chen"]
[Black "Molina, Antonio"]
[Result "1-0"]
[WhiteElo "2548"]
[BlackElo "2189"]
[PlyCount "91"]
[EventDate "2008.01.22"]
[EventType "swiss"]
[EventRounds "10"]
[EventCountry "ENG"]
[SourceTitle "CBM 122 Extra"]
[Source "ChessBase"]
[SourceDate "2008.03.04"]
[SourceVersion "1"]
[SourceVersionDate "2008.03.04"]
[SourceQuality "1"]

1. e4 c5 2. Nf3 d6 3. Bb5+ Bd7 4. Bxd7+ Qxd7 5. c4 Nc6 6. Nc3 g6 7. d4 cxd4 8. Nxd4 Bg7 9. Nde2 Nf6 10. 0-0 0-0 11. f3 a6 12. a4 e6 13. Bg5 Qc7 14. Kh1 Nd7 15. Rb1 Rac8 16. b3 Rfe8 17. Qd2 Na5 18. Rfc1 Nc5 19. Qd1 Nd7 20. h3 Nc6 21. Qd2 Na5 22. Na2 Nc5 23. Qd1 Nd7 24. Bh4 Bh6 25. Rc3 Bg7 26. Rd3 Nc5 27. Rd2 Naxb3 28. Rxb3 Nxb3 29. Qxb3 Qxc4 30. Qxb7 Qxa4 31. Bg3 Bh6 32. Rb2 Qd1+ 33. Kh2 Bg7 34. e5 dxe5 35. Nac3 Qd3 36. Ne4 Rf8 37. Bh4 Qd5 38. Qe7 h6 39. Rd2 Qc6 40. Nf6+ Bxf6 41. Qxf6 Qb5 42. Bg3 Rc5 43. Nc3 Qb8 44. Ne4 Ra5 45. Rd7 Qc8 46. Rd6 1-0

[Event "Gibraltar Masters 6th"]
[Site "Gibraltar"]
[Date "2008.01.28"]
[Round "7"]
[White "Molina, Antonio"]
[Black "Van Kemenade, Rudy"]
[Result "1-0"]
[WhiteElo "2189"]
[BlackElo "2029"]
[PlyCount "111"]
[EventDate "2008.01.22"]
[EventType "swiss"]
[EventRounds "10"]
[EventCountry "ENG"]
[SourceTitle "CBM 122 Extra"]
[Source "ChessBase"]
[SourceDate "2008.03.04"]
[SourceVersion "1"]
[SourceVersionDate "2008.03.04"]
[SourceQuality "1"]

1. d4 f5 2. c4 Nf6 3. g3 g6 4. Bg2 Bg7 5. Nf3 d6 6. 0-0 0-0 7. Nc3 c6 8. d5 Qe8 9. Re1 Na6 10. Nd4 Bd7 11. Rb1 Rb8 12. h3 Nc5 13. b3 h6 14. h4 Nce4 15. Bb2 Nxc3 16. Bxc3 c5 17. Nf3 b5 18. Nd2 g5 19. hxg5 hxg5 20. e3 Ng4 21. Bxg7 Kxg7 22. f3 Ne5 23. Qe2 Qg6 24. f4 Ng4 25. Nf3 gxf4 26. exf4 Rfe8 27. Ng5 Qf6 28. Qd2 Qh6 29. Bf3 Nf6 30. Kg2 bxc4 31. Rh1 Qg6 32. bxc4 Rxb1 33. Rxb1 Ne4 34. Bxe4 fxe4 35. Qc3+ Qf6 36. Qxf6+ exf6 37. Rb7 fxg5 38. Rxd7+ Kf6 39. Rxd6+ Kf5 40. fxg5 Kxg5 41. Re6 Rb8 42. Rxe4 Rb2+ 43. Kf3 Rxa2 44. Re5+ Kf6 45. Re6+ Kf5 46. g4+ Kg5 47. Rc6 Ra3+ 48. Ke4 Kxg4 49. Rxc5 Ra1 50. d6 Re1+ 51. Kd5 Kf5 52. d7 Rd1+ 53. Kc6+ Ke6 54. Rd5 Rxd5 55. cxd5+ Ke7 56. Kc7 1-0

[Event "Gibraltar Challengers"]
[Site "Gibraltar"]
[Date "2008.01.24"]
[Round "3"]
[White "Molina, Antonio"]
[Black "Vasvari, Tamas"]
[Result "1-0"]
[WhiteElo "2011"]
[BlackElo "2174"]
[PlyCount "59"]
[EventDate "2008.01.22"]
[EventType "swiss"]
[EventRounds "5"]
[EventCountry "ENG"]
[SourceTitle "CBM 122 Extra"]
[Source "ChessBase"]
[SourceDate "2008.03.04"]
[SourceVersion "1"]
[SourceVersionDate "2008.03.04"]
[SourceQuality "1"]

1. d4 d5 2. c4 c6 3. Nc3 Nf6 4. Nf3 dxc4 5. a4 Bf5 6. Ne5 Nbd7 7. Nxc4 Qc7 8. g3 e5 9. dxe5 Nxe5 10. Bf4 Nfd7 11. Nxe5 Nxe5 12. Qd4 f6 13. a5 a6 14. Bg2 Rd8 15. Qa4 Bc5 16. 0-0 0-0 17. Bxe5 Qxe5 18. Qb3+ Rf7 19. Rfd1 Re8 20. e3 Be6 21. Qa4 f5 22. Rac1 Ba7 23. Qa3 g5 24. Ne2 Bb8 25. Nd4 Bd6 26. Nxc6 Bxa3 27. Nxe5 Bxb2 28. Nxf7 Bxc1 29. Nxg5 Ba3 30. Nxe6 1-0